| 000 | 00617nam a2200169 a 4500 | ||
|---|---|---|---|
| 008 | 120416s1989 ||||||||||||||||| || u | ||
| 020 | _a1557750882 | ||
| 050 | _aIMF(08) | ||
| 100 | _aLiposchiz, Leslie | ||
| 245 | 1 | 4 | _aThe Federal of Germany: adjustment in a surplus country |
| 260 |
_aWashington, D. C. _bInternational Monetary Fund _c1989 |
||
| 300 | _aix, 104p. : ill. | ||
| 350 | _a0.00 | ||
| 650 | _aECONOMIC FORECASTING--GERMANY (WEST) | ||
| 650 | 0 | _aECONOMIC POLICY | |
| 995 |
_D0.00 _FCBU-MAIN LIBRARY (Kitwe) _H1 _I7.50 _UAVAILABLE _ZInternational Publications |
||
| 999 |
_c43193 _d43193 |
||